000 00256nam a22001217a 4500
008 170719b xxu||||| |||| 00| 0 eng d
041 _aALB
080 _a2
100 _a24
101 _aTEO
245 _aMJEKESIA DHE FEJA
_cXHUGLINI, F
942 _2udc
_cBK
999 _c21609
_d21609